|
|
|
|
| LEADER |
01369nam a2200337 a 4500 |
| 001 |
40153 |
| 003 |
BD-DhAAL |
| 008 |
221207t1998 ii 000 0aben d |
| 999 |
|
|
|c 45126
|d 45126
|
| 010 |
|
|
|a 98901682
|
| 020 |
|
|
|a 8172934521
|
| 025 |
|
|
|a I-B-98-901682; 12
|
| 040 |
|
|
|a DLC
|c DLC
|d BD-DhAAL
|
| 041 |
|
|
|a ben
|
| 042 |
|
|
|a lcode
|
| 043 |
|
|
|a a-ii---
|
| 050 |
0 |
0 |
|a PK1730.34.Y24
|b Z85 1998
|
| 082 |
|
|
|a 891.4472092
|2 23
|
| 100 |
1 |
|
|a রায়, তারাপদ,
|d ১৯৩৬-
|9 52752
|
| 245 |
1 |
0 |
|a বাংলাদেশের হৃদয় হতে /
|c তারাপদ রায়.
|
| 246 |
|
|
|a Bangladesher hriday hote
|
| 260 |
|
|
|a কলিকাতা :
|b মিত্র ও ঘোষ পাবলিশার্স,
|c ১৯৯৮.
|
| 300 |
|
|
|a ১২০ পৃষ্ঠা ;
|c ২২ সে.মি.
|
| 520 |
|
|
|a Autobiographical reminiscences by a Bengali author.
|
| 541 |
|
|
|a Donated By Akbar Ali Khan
|e 40153
|
| 546 |
|
|
|a In Bengali.
|
| 600 |
1 |
0 |
|a Roy, Tarapada,
|d 1936-
|9 52753
|
| 650 |
|
0 |
|a Authors, Bengali
|y 20th century
|x Biography.
|9 52754
|
| 852 |
|
|
|a Ayesha Abed Library
|c Akbar Ali Khan Collection
|
| 942 |
|
|
|2 ddc
|c BK
|
| 952 |
|
|
|0 0
|1 0
|2 ddc
|4 0
|6 891_447209200000000_ROY
|7 1
|9 72451
|a BRACUL
|b BRACUL
|c AAKC
|d 2022-12-07
|e Donated by Akbar Ali Khan
|g 57.00
|l 0
|o 891.4472092 ROY
|p 3010040153
|r 2022-12-07
|t 1
|w 2022-12-07
|y BK
|x Rs. 45.00
|